IMF survey

Gespeichert in:
Bibliographische Detailangaben
Format: Schriftenreihe
Sprache:Englisch
Veröffentlicht: Washington International Monetary Fund 2003
Schlagworte:
Tags: Tag hinzufügen
Keine Tags, Fügen Sie das erste Tag hinzu!

MARC

LEADER 00000nas2a22000001 4500
001 0056886
005 20070509151009.7
022 |a 0047-083X 
041 0 |a eng 
044 |a US 
245 1 0 |a IMF survey 
264 1 |a Washington  |b International Monetary Fund  |c 2003 
773 0 |w eu_un_cat*s120209 
610 2 0 |a styk platobný medzinárodný 
610 2 0 |a organizácie medzinárodné